The collective unconscious in literature; (Record no. 125241)
[ view plain ]
| 000 -LEADER | |
|---|---|
| fixed length control field | 01183cam a2200277I 4500 |
| 001 - CONTROL NUMBER | |
| control field | 4709979 |
| 003 - CONTROL NUMBER IDENTIFIER | |
| control field | ARRUPE |
| 005 - DATE AND TIME OF LATEST TRANSACTION | |
| control field | 20160914101011.0 |
| 008 - FIXED-LENGTH DATA ELEMENTS--GENERAL INFORMATION | |
| fixed length control field | 800719s1958 nyu b 000 0 eng d |
| 035 ## - SYSTEM CONTROL NUMBER | |
| System control number | (OCoLC)ocm06529755 |
| 035 ## - SYSTEM CONTROL NUMBER | |
| System control number | (NNC)4709979 |
| 040 ## - CATALOGING SOURCE | |
| Original cataloging agency | BUF |
| Transcribing agency | BUF |
| 098 ## - OTHER CLASSIFICATION SCHEMES (OCLC) | |
| Call number based on other classification scheme | PX28 |
| 300 ## - PHYSICAL DESCRIPTION | |
| Dimensions | 23 cm. |
| 245 04 - TITLE STATEMENT | |
| Title | The collective unconscious in literature; |
| Remainder of title | selections from past Springs. |
| Statement of responsibility, etc | Jung, Carl Gustav et al... and Past Springs |
| 260 ## - PUBLICATION, DISTRIBUTION, ETC. (IMPRINT) | |
| Place of publication, distribution, etc | New York, |
| Name of publisher, distributor, etc | Analytical Psychology Club of New York, |
| Date of publication, distribution, etc | 1958 |
| 300 ## - PHYSICAL DESCRIPTION | |
| Extent | 141 p. |
| 490 1# - SERIES STATEMENT | |
| Series statement | Contributions to Jungian thought |
| 504 ## - BIBLIOGRAPHY, ETC. NOTE | |
| Bibliography, etc | Bibliographical references. |
| 505 0# - FORMATTED CONTENTS NOTE | |
| Formatted contents note | Ulysses: a monologue, C. G. Jung.--H. Goethe's Mephistopheles, Hildegard Nagel.--Conrad's Heart of darkness: an aspect of the shadow, Dorsha Hayes.--A paper on Dante Alighieri, Marion V. Hendrickson.--Hermann Broch's The death of Virgil; a contribution to the problem of individuation, Aniela Jaffé. |
| 600 ## - SUBJECT ADDED ENTRY--PERSONAL NAME | |
| Personal name | Jung, Carl Gustav |
| 9 (RLIN) | 25814 |
| 650 #0 - SUBJECT ADDED ENTRY--TOPICAL TERM | |
| Topical term or geographic name as entry element | Psychology in literature |
| 9 (RLIN) | 25815 |
| 650 #0 - SUBJECT ADDED ENTRY--TOPICAL TERM | |
| Topical term or geographic name as entry element | Imagination in literature |
| 9 (RLIN) | 25816 |
| 830 #0 - SERIES ADDED ENTRY--UNIFORM TITLE | |
| Uniform title | Contributions to Jungian thought. |
| 9 (RLIN) | 25817 |
| 942 ## - ADDED ENTRY ELEMENTS (KOHA) | |
| Source of classification or shelving scheme | Library of Congress Classification |
| Koha item type | Monograph ( Printed materials) |
| Withdrawn status | Lost status | Source of classification or shelving scheme | Damaged status | Not for loan | Collection code | Home library | Current library | Shelving location | Date acquired | Total Checkouts | Full call number | Barcode | Date last seen | Price effective from | Koha item type |
|---|---|---|---|---|---|---|---|---|---|---|---|---|---|---|---|
| Library of Congress Classification | Main Collection | ARRUPE LIBRARY | ARRUPE LIBRARY | Main Collection | 14/09/2016 | BF173.J85 P291 | 46500010134 | 14/09/2016 | 14/09/2016 | Monograph ( Printed materials) |